UBT Library

Flash 5 für Dummies / (Record no. 52)

000 -LEADER
fixed length control field 00565nam a22002057a 4500
008 - FIXED-LENGTH DATA ELEMENTS--GENERAL INFORMATION
fixed length control field 131008b xxu||||| |||| 00| 0 ger d
020 ## - INTERNATIONAL STANDARD BOOK NUMBER
International Standard Book Number 3826629361
041 0# - LANGUAGE CODE
Language code of text/sound track or separate title ger
080 ## - UNIVERSAL DECIMAL CLASSIFICATION NUMBER
Universal Decimal Classification number 004.42
100 1# - Rafti
Rafti Leete, Gurdy
245 10 - TITLE STATEMENT
Title Flash 5 für Dummies /
Statement of responsibility, etc Gurdy Leete
250 ## -
-- 1. Auflage
260 ## -
-- Germany :
-- mitp ;
-- 2001
300 ## -
-- 380 f. :
-- me il.
-- 24 cm.
-- CD
490 ## -
-- Für Dummies
650 ## -
-- Programe kompjuterike
650 ## -
-- Programim
700 1# -
-- Finkelstein, Ellen
942 ## - ADDED ENTRY ELEMENTS (KOHA)
Source of classification or shelving scheme
Item type Books
Holdings
Withdrawn status Lost status Source of classification or shelving scheme Damaged status Not for loan Collection code Permanent location Current location Shelving location Date acquired Total Checkouts Full call number Barcode Date last seen Price effective from Koha item type
          Koleksioni i përgjithshem UBT - Prishtine UBT - Prishtine Koleksioni i përgjithshem 10/08/2013   004.42 LEE 001-000038 10/08/2013 10/08/2013 Books
UBT Library © 2015-2024. All rights reserved University Education for Business and Technology